[Event "SRB-chT Premier"]
[Site "Bajina Basta"]
[Date "2023.09.20"]
[Round "3.5"]
[White "Lazic, Miroljub"]
[Black "Zegarac, Vuk"]
[Result "1/2-1/2"]
[WhiteElo "2298"]
[BlackElo "2323"]
[PlyCount "209"]
[EventDate "2023.09.18"]
[EventType "team-tourn"]
[EventRounds "11"]
[EventCountry "SRB"]
[SourceTitle "EXT 2024"]
[Source "ChessBase"]
[SourceDate "2023.10.10"]
[SourceVersion "1"]
[SourceVersionDate "2023.10.10"]
[SourceQuality "1"]
[WhiteTeam "Ruma Sloven"]
[BlackTeam "Subotica Spartak"]
[WhiteTeamCountry "SRB"]
[BlackTeamCountry "SRB"]

1. e4 c6 2. Nc3 d5 3. Qf3 dxe4 4. Nxe4 Nf6 5. Nxf6+ exf6 6. Qg3 g6 7. Bc4 Bd6 8. Qe3+ Qe7 9. d4 Be6 10. Bxe6 Qxe6 11. Nf3 0-0 12. 0-0 Qxe3 13. Bxe3 Nd7 14. Rfd1 f5 15. Ne1 Nf6 16. Nd3 Nd5 17. Bd2 b5 18. Rac1 Nb6 19. Bb4 Bxb4 20. Nxb4 Rac8 21. c3 Rfd8 22. Nd3 Rd5 23. Re1 Kf8 24. Re5 Rxe5 25. Nxe5 c5 26. dxc5 Rxc5 27. Nd3 Rd5 28. Rd1 a5 29. Kf1 Nc4 30. b3 Nd6 31. Nb2 Rxd1+ 32. Nxd1 Ke7 33. Ke2 Ke6 34. Kd3 Ke5 35. Nb2 Kd5 36. c4+ Kc5 37. cxb5 Nxb5 38. a4 Nd4 39. Nc4 Nxb3 40. Kc3 Nd4 41. Nxa5 Ne2+ 42. Kd2 Nf4 43. g3 Nd5 44. Nb7+ Kb6 45. Nd6 f6 46. Kd3 Kc5 47. Ne8 h5 48. Ng7 Nb4+ 49. Kc3 Nd5+ 50. Kb3 Nc7 51. Kc3 Nd5+ 52. Kd2 Nc7 53. Kd3 Kd5 54. a5 Kc5 55. Kc3 Nd5+ 56. Kb3 Nc7 57. Kc3 Nd5+ 58. Kd3 Nc7 59. Ke3 Nd5+ 60. Kd2 Nc7 61. Kd3 Kd5 62. Ke3 Kd6 63. Kd4 Kc6 64. Ke3 Nd5+ 65. Ke2 Nc7 66. Ke3 Kd6 67. Kd4 Kc6 68. a6 Nxa6 69. Ne6 Kd6 70. Nf4 h4 71. Nxg6 hxg3 72. fxg3 Nc5 73. Nf4 Ne4 74. Ke3 Ke5 75. Nd3+ Ke6 76. Kf4 Nd6 77. Ne1 Kf7 78. Nf3 Kg6 79. Nh4+ Kh5 80. Nxf5 Nf7 81. Ne7 Nh6 82. h3 Nf7 83. h4 Ne5 84. Kf5 Nf3 85. Ng6 Nd4+ 86. Kxf6 Kg4 87. Ne5+ Kh5 88. g4+ Kxh4 89. g5 Ne2 90. Nd3 Ng3 91. g6 Nh5+ 92. Kf7 Kg5 93. Nc5 Kf5 94. Ne6 Ke5 95. Nc7 Kd6 96. Na6 Ke5 97. Nb4 Kf5 98. Nd3 Ke4 99. Nc5+ Ke5 100. Nd7+ Kf5 101. Nc5 Ke5 102. Ne6 Ke4 103. Ng7 Nf4 104. Ne6 Nxg6 105. Kxg6 1/2-1/2

[Event "Belgrade Gligoric 100 Ann op"]
[Site "Belgrade"]
[Date "2023.02.05"]
[Round "8"]
[White "Pap, Misa"]
[Black "Zegarac, Vuk"]
[Result "1/2-1/2"]
[WhiteElo "2403"]
[BlackElo "2340"]
[PlyCount "119"]
[EventDate "2023.02.05"]
[EventType "swiss (blitz)"]
[EventRounds "11"]
[EventCountry "SRB"]
[SourceTitle "EXT 2024"]
[Source "ChessBase"]
[SourceDate "2023.10.10"]
[SourceVersion "1"]
[SourceVersionDate "2023.10.10"]
[SourceQuality "1"]

1. e4 c6 2. d4 d5 3. Nd2 dxe4 4. Nxe4 Nf6 5. Nxf6+ exf6 6. c3 Bd6 7. Bd3 0-0 8. Qc2 Re8+ 9. Ne2 h5 10. 0-0 h4 11. Bf4 h3 12. Rfe1 Na6 13. g3 Nc7 14. Bxd6 Qxd6 15. Nf4 Bg4 16. Bf5 Bxf5 17. Qxf5 Nd5 18. Nxh3 Re7 19. Rxe7 Qxe7 20. Nf4 Nxf4 21. Qxf4 Qe2 22. b3 Re8 23. c4 Qb2 24. Rd1 Qxa2 25. Qf3 Qe2 26. Kg2 Kf8 27. h4 Qc2 28. d5 cxd5 29. cxd5 Re2 30. Rd4 Re8 31. d6 Qc6 32. Qxc6 bxc6 33. Rc4 Rc8 34. Kf3 Ke8 35. Re4+ Kd7 36. Re7+ Kxd6 37. Rxf7 Rb8 38. Rxa7 Rxb3+ 39. Kf4 g5+ 40. hxg5 fxg5+ 41. Kxg5 Rf3 42. Ra2 c5 43. Kg4 Rf8 44. f4 c4 45. Kf3 Re8 46. g4 Kd5 47. g5 c3 48. g6 Rg8 49. f5 Ke5 50. Ra5+ Kf6 51. Kf4 Rc8 52. Ra6+ Kg7 53. Ra7+ Kg8 54. Ra1 c2 55. Rc1 Kg7 56. Kg5 Rc5 57. Kg4 Kf6 58. Kh5 Rxf5+ 59. Kg4 Rg5+ 60. Kf4 1/2-1/2

[Event "Belgrade Gligoric 100 Ann op"]
[Site "Belgrade"]
[Date "2023.02.05"]
[Round "3"]
[White "Zegarac, Vuk"]
[Black "Milanovic, Danilo"]
[Result "0-1"]
[WhiteElo "2340"]
[BlackElo "2396"]
[PlyCount "88"]
[EventDate "2023.02.05"]
[EventType "swiss (blitz)"]
[EventRounds "11"]
[EventCountry "SRB"]
[SourceTitle "EXT 2024"]
[Source "ChessBase"]
[SourceDate "2023.10.10"]
[SourceVersion "1"]
[SourceVersionDate "2023.10.10"]
[SourceQuality "1"]

1. d4 Nf6 2. Nf3 c5 3. d5 d6 4. Nc3 g6 5. e4 Bg7 6. Bc4 0-0 7. 0-0 Bg4 8. h3 Bxf3 9. Qxf3 Nbd7 10. Be2 Qa5 11. Bf4 Qb4 12. a3 Qa5 13. Rfe1 Rac8 14. Bf1 c4 15. Be3 b5 16. Bd4 a6 17. Qe3 Qc7 18. f4 Qb7 19. g4 a5 20. Bg2 b4 21. axb4 axb4 22. Ne2 Nc5 23. Ng3 b3 24. Bxc5 Rxc5 25. c3 Nd7 26. Ne2 Ra8 27. Nd4 Bxd4 28. Qxd4 f6 29. Bf1 Nb6 30. h4 Rca5 31. Rxa5 Rxa5 32. h5 Qc7 33. hxg6 hxg6 34. Kf2 Ra2 35. Re2 Na4 36. Rd2 Nxb2 37. Ke3 Na4 38. Bxc4 Rxd2 39. Kxd2 Nc5 40. Bd3 Qa5 41. Qb4 Qa2+ 42. Ke3 Nxd3 43. Kxd3 b2 44. Qb8+ Kf7 0-1

[Event "Belgrade Gligoric 100 Ann op"]
[Site "Belgrade"]
[Date "2023.02.05"]
[Round "1"]
[White "Zegarac, Vuk"]
[Black "Svicevic, Rastko"]
[Result "1/2-1/2"]
[WhiteElo "2340"]
[BlackElo "2187"]
[PlyCount "108"]
[EventDate "2023.02.05"]
[EventType "swiss (blitz)"]
[EventRounds "11"]
[EventCountry "SRB"]
[SourceTitle "EXT 2024"]
[Source "ChessBase"]
[SourceDate "2023.10.10"]
[SourceVersion "1"]
[SourceVersionDate "2023.10.10"]
[SourceQuality "1"]

1. d4 d5 2. Nf3 e6 3. Bf4 Bd6 4. e3 Nf6 5. Nbd2 Ne4 6. Bd3 Bxf4 7. exf4 f5 8. 0-0 0-0 9. Ne5 Nd7 10. c3 Nxe5 11. fxe5 c5 12. f3 Nxd2 13. Qxd2 c4 14. Bc2 Bd7 15. b3 b5 16. f4 a5 17. h3 Qh4 18. Kh2 h5 19. Bd1 g6 20. Rf3 Kf7 21. Rg3 Qe7 22. Rg5 h4 23. Bf3 Rab8 24. Rg1 Rh8 25. g3 hxg3+ 26. R1xg3 Rh6 27. Qg2 Rg8 28. Bh5 Ke8 29. Rxg6 Rgxg6 30. Rxg6 Rxg6 31. Qxg6+ Kd8 32. Qg5 Be8 33. Qxe7+ Kxe7 34. Be2 a4 35. bxc4 bxc4 36. a3 Kf8 37. Kg3 Kg7 38. Kh4 Kh6 39. Bd1 Bc6 40. Bh5 Bb5 41. Bf7 Bd7 42. Bh5 Bc6 43. Be2 Bd7 44. Kg3 Be8 45. Bd1 Bd7 46. Kh4 Be8 47. Be2 Bf7 48. Bd1 Be8 49. Bc2 Bd7 50. Bd1 Be8 51. Kg3 Bd7 52. Be2 Be8 53. Kh4 Bf7 54. Bd1 Be8 1/2-1/2

[Event "SRB-chT Premier"]
[Site "Vrnjacka Banja"]
[Date "2022.09.30"]
[Round "11.6"]
[White "Ristic, Nenad"]
[Black "Zegarac, Vuk"]
[Result "1/2-1/2"]
[WhiteElo "2267"]
[BlackElo "2336"]
[PlyCount "20"]
[EventDate "2022.09.20"]
[EventType "team-tourn"]
[EventRounds "11"]
[EventCountry "SRB"]
[SourceTitle "CBM 210 Extra"]
[Source "ChessBase"]
[SourceDate "2022.11.30"]
[SourceVersion "1"]
[SourceVersionDate "2022.11.30"]
[SourceQuality "1"]
[WhiteTeam "Lucani Mladost"]
[BlackTeam "Subotica Spartak"]
[WhiteTeamCountry "SRB"]
[BlackTeamCountry "SRB"]

1. d4 d5 2. c4 e6 3. Nc3 a6 4. cxd5 exd5 5. Nf3 h6 6. Bf4 Nf6 7. e3 Bd6 8. Bg3 0-0 9. Be2 Bg4 10. 0-0 Nbd7 1/2-1/2

[Event "SRB-chT Premier"]
[Site "Vrnjacka Banja"]
[Date "2022.09.24"]
[Round "5.4"]
[White "Velikic, Adela"]
[Black "Zegarac, Vuk"]
[Result "1-0"]
[WhiteElo "2272"]
[BlackElo "2336"]
[PlyCount "113"]
[EventDate "2022.09.20"]
[EventType "team-tourn"]
[EventRounds "11"]
[EventCountry "SRB"]
[SourceTitle "CBM 210 Extra"]
[Source "ChessBase"]
[SourceDate "2022.11.30"]
[SourceVersion "1"]
[SourceVersionDate "2022.11.30"]
[SourceQuality "1"]
[WhiteTeam "Grocka Vinogradi"]
[BlackTeam "Subotica Spartak"]
[WhiteTeamCountry "SRB"]
[BlackTeamCountry "SRB"]

1. e4 c6 2. Nf3 d5 3. d3 dxe4 4. dxe4 Qxd1+ 5. Kxd1 Nf6 6. Nfd2 g5 7. a4 Nbd7 8. Nc3 Ng4 9. Ke1 Nge5 10. Nb3 Rg8 11. a5 e6 12. Be2 Bd6 13. Be3 f5 14. f3 f4 15. Bf2 h5 16. h3 Ke7 17. Na4 Bc7 18. Nac5 Nf6 19. Nd4 Bd6 20. Ndb3 Bc7 21. Kf1 Rb8 22. Nd3 Ra8 23. Nxe5 Bxe5 24. c3 Bd6 25. Bc4 Nd7 26. Nd4 Rg6 27. a6 Ne5 28. axb7 Bxb7 29. Be2 Rgg8 30. Nb3 a6 31. Nc5 Bxc5 32. Bxc5+ Kf7 33. Kf2 Rgd8 34. Rhd1 Ke8 35. Bd4 Nd7 36. Ra5 c5 37. Bxc5 Ne5 38. Bd4 Nf7 39. Rda1 Rd6 40. Bc4 Rad8 41. e5 Rxd4 42. cxd4 Rxd4 43. Bxa6 Bd5 44. Re1 g4 45. hxg4 hxg4 46. Bb5+ Kf8 47. Ra4 g3+ 48. Kg1 Rd2 49. Rxf4 Rxb2 50. Bd3 Ke7 51. Rg4 Rd2 52. Bf1 Nh6 53. Rxg3 Nf5 54. Rh3 Nd4 55. Rh7+ Kf8 56. Rc1 Kg8 57. Rd7 1-0

[Event "SRB-chT Premier"]
[Site "Vrnjacka Banja"]
[Date "2021.09.14"]
[Round "9.4"]
[White "Rajkovic, Mladen"]
[Black "Zegarac, Vuk"]
[Result "0-1"]
[WhiteElo "2390"]
[BlackElo "2338"]
[PlyCount "88"]
[EventDate "2021.09.07"]
[EventType "team-tourn"]
[EventRounds "11"]
[EventCountry "SRB"]
[SourceTitle "CBM 204 Extra"]
[Source "ChessBase"]
[SourceDate "2021.11.30"]
[SourceVersion "1"]
[SourceVersionDate "2021.11.30"]
[SourceQuality "1"]
[WhiteTeam "Lucani Mladost"]
[BlackTeam "Subotica Spartak"]
[WhiteTeamCountry "SRB"]
[BlackTeamCountry "SRB"]

1. e4 c6 2. d4 d5 3. e5 c5 4. dxc5 e6 5. a3 Bxc5 6. Nf3 Ne7 7. Bd3 Ng6 8. 0-0 0-0 9. b4 Be7 10. Re1 a5 11. b5 Nd7 12. Bb2 Nc5 13. Bxg6 fxg6 14. a4 g5 15. Nbd2 Qe8 16. Nd4 Bd7 17. Qe2 Qg6 18. Ba3 Rf4 19. Qe3 Raf8 20. Re2 Qh5 21. Rae1 b6 22. c4 Rh4 23. Nf1 dxc4 24. Ng3 Qg6 25. Rd1 Be8 26. Rc1 Nb3 27. Bxe7 Nxc1 28. Qxc1 Rxd4 29. Bxf8 Kxf8 30. f3 Qd3 31. Re1 h6 32. Ne2 Rd7 33. Nc3 Qd4+ 34. Qe3 Bg6 35. Kf2 Qh4+ 36. Kf1 Rd3 37. Qc1 Qxh2 38. Ne2 Bf5 39. Kf2 Qh4+ 40. Kg1 c3 41. f4 Rd2 42. g3 Qg4 43. Qxc3 Rxe2 44. Rc1 Kg8 0-1

[Event "SRB-chT Premier"]
[Site "Vrnjacka Banja"]
[Date "2021.09.13"]
[Round "8.3"]
[White "Zegarac, Vuk"]
[Black "Bozic, Milan"]
[Result "0-1"]
[WhiteElo "2338"]
[BlackElo "2262"]
[PlyCount "88"]
[EventDate "2021.09.07"]
[EventType "team-tourn"]
[EventRounds "11"]
[EventCountry "SRB"]
[SourceTitle "CBM 204 Extra"]
[Source "ChessBase"]
[SourceDate "2021.11.30"]
[SourceVersion "1"]
[SourceVersionDate "2021.11.30"]
[SourceQuality "1"]
[WhiteTeam "Subotica Spartak"]
[BlackTeam "Valjevo 2005"]
[WhiteTeamCountry "SRB"]
[BlackTeamCountry "SRB"]

1. d4 Nf6 2. c4 e5 3. dxe5 Ng4 4. Bf4 Nc6 5. Nf3 Bb4+ 6. Nc3 Qe7 7. Qb3 Ba5 8. e3 Ncxe5 9. Nxe5 Nxe5 10. Be2 0-0 11. 0-0 c6 12. Rad1 Bc7 13. Rd2 g5 14. Bg3 f5 15. f3 Kg7 16. Bf2 Ng6 17. Rfd1 Be5 18. Bf1 h5 19. Ne2 h4 20. Nd4 d6 21. Qc2 c5 22. Nb5 Rf6 23. g3 hxg3 24. hxg3 f4 25. exf4 gxf4 26. g4 b6 27. Bd3 Bb7 28. Be4 Bxe4 29. Qxe4 Rd8 30. Re2 Re6 31. Nc3 Rh8 32. Nd5 Qg5 33. Qf5 Qh6 34. Qh5 Qxh5 35. gxh5 Rxh5 36. Nc3 Re7 37. Nd5 Re8 38. Kg2 Reh8 39. Rg1 Kf7 40. Kf1 Rh3 41. Kg2 Rh2+ 42. Kf1 R8h3 43. Rg5 Rxf3 44. Rf5+ Kg7 0-1

[Event "Belgrade Spring IM1"]
[Site "Belgrade"]
[Date "2021.04.20"]
[Round "6"]
[White "Zegarac, Vuk"]
[Black "Ivanovic, Marko"]
[Result "1/2-1/2"]
[WhiteElo "2376"]
[BlackElo "2282"]
[PlyCount "57"]
[EventDate "2021.04.16"]
[EventType "tourn"]
[EventRounds "9"]
[EventCountry "SRB"]
[SourceTitle "CBM 202 Extra"]
[Source "ChessBase"]
[SourceDate "2021.07.31"]
[SourceVersion "1"]
[SourceVersionDate "2021.07.31"]
[SourceQuality "1"]

1. d4 Nf6 2. c4 e6 3. Nc3 Bb4 4. e3 0-0 5. Bd2 d5 6. Nf3 b6 7. cxd5 exd5 8. Bd3 Ba6 9. Bxa6 Nxa6 10. Qa4 Qc8 11. 0-0 Qb7 12. a3 Bxc3 13. Bxc3 Ne4 14. Rac1 Rac8 15. b4 c5 16. dxc5 bxc5 17. bxc5 Naxc5 18. Qd4 Ne6 19. Qe5 Nxc3 20. Rxc3 Rxc3 21. Qxc3 Rc8 22. Qb4 Qxb4 23. axb4 Rb8 24. Rb1 Rb5 25. Ne1 d4 26. exd4 Nxd4 27. Rd1 Ne6 28. Nc2 a5 29. bxa5 1/2-1/2

[Event "Belgrade Spring IM1"]
[Site "Belgrade"]
[Date "2021.04.18"]
[Round "3"]
[White "Krasteva, Beloslava"]
[Black "Zegarac, Vuk"]
[Result "0-1"]
[WhiteElo "2287"]
[BlackElo "2376"]
[PlyCount "76"]
[EventDate "2021.04.16"]
[EventType "tourn"]
[EventRounds "9"]
[EventCountry "SRB"]
[SourceTitle "CBM 202 Extra"]
[Source "ChessBase"]
[SourceDate "2021.07.31"]
[SourceVersion "1"]
[SourceVersionDate "2021.07.31"]
[SourceQuality "1"]

1. d4 Nf6 2. c4 c5 3. d5 g6 4. Nc3 Bg7 5. e4 d6 6. h3 0-0 7. Be3 e6 8. Bd3 exd5 9. exd5 Na6 10. Nf3 Nb4 11. Be2 Bf5 12. Rc1 Ne4 13. g4 Nxc3 14. bxc3 Nxa2 15. gxf5 Nxc1 16. Qxc1 a5 17. Bg5 Qd7 18. f6 Bh8 19. Qf4 Rfe8 20. Kd2 a4 21. Bd3 a3 22. Nh2 a2 23. Ra1 Qc7 24. Ng4 Qb6 25. Kc2 Ra3 26. Qc1 Qb3+ 27. Kd2 b5 28. Nh6+ Kf8 29. Nf5 bxc4 30. Bh6+ Kg8 31. Ne7+ Rxe7 32. fxe7 Bxc3+ 33. Ke2 cxd3+ 34. Kf1 Ra8 35. Rxa2 Qxa2 36. e8Q+ Rxe8 37. Qxc3 Qe2+ 38. Kg2 Qe4+ 0-1

[Event "SRB-ch sf"]
[Site "Paracin"]
[Date "2021.03.21"]
[Round "8"]
[White "Mijatovic, Dusan"]
[Black "Zegarac, Vuk"]
[Result "0-1"]
[WhiteElo "2246"]
[BlackElo "2386"]
[PlyCount "96"]
[EventDate "2021.03.16"]
[EventType "swiss"]
[EventRounds "9"]
[EventCountry "SRB"]
[SourceTitle "CBM 201 Extra"]
[Source "ChessBase"]
[SourceDate "2021.05.31"]
[SourceVersion "1"]
[SourceVersionDate "2021.05.31"]
[SourceQuality "1"]

1. e4 c6 2. d4 d5 3. e5 c5 4. dxc5 e6 5. Nf3 Bxc5 6. Bd3 Ne7 7. 0-0 Ng6 8. Re1 0-0 9. Nbd2 Nc6 10. Nb3 Bb6 11. Bxg6 fxg6 12. Be3 h6 13. Qd3 g5 14. c4 g4 15. Bxb6 Qxb6 16. Nfd4 Rf4 17. Nxc6 bxc6 18. cxd5 cxd5 19. Qe3 Rb4 20. Rad1 Bd7 21. Rd4 a5 22. Rc1 Rf8 23. Rxb4 Qxb4 24. Qc5 Qf4 25. Qd4 Qg5 26. Qe3 Qxe3 27. fxe3 Rf5 28. Nd4 Rxe5 29. Rc7 Be8 30. Kf2 Re4 31. Re7 Bf7 32. Ra7 e5 33. Nc6 d4 34. exd4 exd4 35. Ra8+ Kh7 36. Rd8 Bxa2 37. Nxa5 Bb1 38. Nb3 d3 39. Nc1 Rf4+ 40. Ke3 Re4+ 41. Kf2 Rc4 42. Nb3 Rc2+ 43. Kg3 Rxb2 44. Nc5 d2 45. Rd7 Bf5 46. Rd4 Rb5 47. Na4 Rb3+ 48. Kf2 Bd3 0-1

[Event "SRB-ch sf"]
[Site "Paracin"]
[Date "2021.03.20"]
[Round "6"]
[White "Ivanovic, Marko"]
[Black "Zegarac, Vuk"]
[Result "1/2-1/2"]
[WhiteElo "2274"]
[BlackElo "2386"]
[PlyCount "114"]
[EventDate "2021.03.16"]
[EventType "swiss"]
[EventRounds "9"]
[EventCountry "SRB"]
[SourceTitle "CBM 201 Extra"]
[Source "ChessBase"]
[SourceDate "2021.05.31"]
[SourceVersion "1"]
[SourceVersionDate "2021.05.31"]
[SourceQuality "1"]

1. e4 c6 2. d4 d5 3. Nc3 dxe4 4. Nxe4 Nd7 5. Nf3 Ngf6 6. Ng3 e6 7. Bd3 Bd6 8. 0-0 0-0 9. Re1 Qc7 10. c3 b6 11. Qe2 Bb7 12. Bg5 h6 13. Be3 c5 14. Rad1 Rad8 15. Bb1 Rfe8 16. dxc5 Bxc5 17. Nd4 Qb8 18. Qc2 Nf8 19. b4 Be7 20. a3 Nd5 21. Bd2 Nf4 22. f3 Bf6 23. Be3 N8g6 24. Nge2 Nd5 25. Bf2 Be5 26. Ng3 Ndf4 27. c4 h5 28. Nf1 h4 29. h3 Bf6 30. Ne2 Rc8 31. Ne3 Nxe2+ 32. Rxe2 Qf4 33. Rd7 Re7 34. Red2 Bc6 35. Rxe7 Bxe7 36. Qd1 Bf6 37. Bxg6 fxg6 38. Ng4 Qxc4 39. Nxf6+ gxf6 40. Rd4 Qc3 41. Bxh4 g5 42. Be1 Qe3+ 43. Bf2 Qc3 44. f4 Bd5 45. fxg5 Qc1 46. gxf6 Qxd1+ 47. Rxd1 Kf7 48. Bd4 Rc2 49. g4 Rg2+ 50. Kf1 Rh2 51. g5 Bc4+ 52. Kg1 Rxh3 53. Be5 Bd5 54. Rd4 Kg6 55. Bf4 Rxa3 56. Kf2 Rc3 57. Be3 Rc4 1/2-1/2

[Event "SRB-ch sf"]
[Site "Paracin"]
[Date "2021.03.20"]
[Round "7"]
[White "Zegarac, Vuk"]
[Black "Drazic, Sinisa"]
[Result "0-1"]
[WhiteElo "2386"]
[BlackElo "2334"]
[PlyCount "62"]
[EventDate "2021.03.16"]
[EventType "swiss"]
[EventRounds "9"]
[EventCountry "SRB"]
[SourceTitle "CBM 201 Extra"]
[Source "ChessBase"]
[SourceDate "2021.05.31"]
[SourceVersion "1"]
[SourceVersionDate "2021.05.31"]
[SourceQuality "1"]

1. d4 d5 2. c4 dxc4 3. Nf3 Nf6 4. Nc3 a6 5. e4 b5 6. e5 Nd5 7. a4 e6 8. axb5 Nb6 9. bxa6 Rxa6 10. Rxa6 Bxa6 11. Be2 Be7 12. 0-0 0-0 13. Qc2 Nc6 14. Qe4 Qd7 15. Qg4 f5 16. exf6 Bxf6 17. Rd1 e5 18. Qxd7 Nxd7 19. Ne4 exd4 20. Nxf6+ Rxf6 21. Nxd4 Nce5 22. Be3 Rb6 23. Ra1 c5 24. Nf5 c3 25. Ne7+ Kf7 26. Nd5 cxb2 27. Rb1 Rd6 28. Bxa6 Rxa6 29. f4 Nc4 30. Kf2 Nf6 31. Nxf6 gxf6 0-1

[Event "SRB-ch sf"]
[Site "Paracin"]
[Date "2021.03.19"]
[Round "5"]
[White "Zegarac, Vuk"]
[Black "Arandjelovic, Aleksandar Z"]
[Result "1-0"]
[WhiteElo "2386"]
[BlackElo "1925"]
[PlyCount "89"]
[EventDate "2021.03.16"]
[EventType "swiss"]
[EventRounds "9"]
[EventCountry "SRB"]
[SourceTitle "CBM 201 Extra"]
[Source "ChessBase"]
[SourceDate "2021.05.31"]
[SourceVersion "1"]
[SourceVersionDate "2021.05.31"]
[SourceQuality "1"]

1. d4 Nf6 2. c4 g6 3. Nc3 Bg7 4. e4 d6 5. h3 0-0 6. Be3 Nbd7 7. g4 e5 8. d5 a5 9. Nge2 b6 10. Ng3 Nc5 11. Qd2 Ne8 12. 0-0-0 Bd7 13. f3 a4 14. h4 f5 15. gxf5 gxf5 16. exf5 Rxf5 17. Be2 Rf4 18. Nh5 Rf7 19. Rdg1 Bf5 20. Ng3 Qd7 21. Nxf5 Qxf5 22. Rg5 Qd7 23. Bd1 Nf6 24. h5 Kh8 25. h6 Bf8 26. Bc2 Ng8 27. Rg3 Be7 28. Rhg1 Nf6 29. Qg2 Raf8 30. Rg7 Qe8 31. Bf5 Nh5 32. Bxh7 Bf6 33. Rxf7 Rxf7 34. Bg6 Nf4 35. Bxf4 exf4 36. Bxf7 Qxf7 37. Qg6 Qxg6 38. Rxg6 Bd4 39. Nb5 Be3+ 40. Kc2 Nd7 41. Nxc7 Ne5 42. Rf6 Nxf3 43. Ne6 Ne1+ 44. Kd1 Nd3 45. Ng5 1-0

[Event "SRB-ch sf"]
[Site "Paracin"]
[Date "2021.03.17"]
[Round "2"]
[White "Sedlak, Nikola"]
[Black "Zegarac, Vuk"]
[Result "1/2-1/2"]
[WhiteElo "2514"]
[BlackElo "2386"]
[PlyCount "94"]
[EventDate "2021.03.16"]
[EventType "swiss"]
[EventRounds "9"]
[EventCountry "SRB"]
[SourceTitle "CBM 201 Extra"]
[Source "ChessBase"]
[SourceDate "2021.05.31"]
[SourceVersion "1"]
[SourceVersionDate "2021.05.31"]
[SourceQuality "1"]

1. Nf3 d5 2. e3 Nf6 3. b3 g6 4. Bb2 Bg7 5. c4 c6 6. Be2 0-0 7. 0-0 Bg4 8. d3 Bxf3 9. Bxf3 Re8 10. d4 e6 11. Nc3 Nbd7 12. Qc2 a6 13. Rfd1 b5 14. Be2 Bf8 15. a4 b4 16. Nb1 Ne4 17. Nd2 Nxd2 18. Qxd2 f5 19. Rac1 Nf6 20. Bd3 Bd6 21. Qe2 Ne4 22. f4 a5 23. Rc2 Rc8 24. Rdc1 Qd7 25. Bxe4 fxe4 26. Rf1 Bf8 27. Bc1 Bg7 28. c5 Ra8 29. Bd2 Qa7 30. Be1 Qa6 31. Qd1 Rf8 32. Bh4 Bf6 33. Bxf6 Rxf6 34. g4 Raf8 35. h4 R6f7 36. Rh2 h6 37. Rff2 Kh7 38. Qd2 Rg8 39. Rfg2 Rgf8 40. Rf2 Rg8 41. Rhg2 Rgf8 42. Qd1 Kg7 43. h5 g5 44. fxg5 hxg5 45. Rxf7+ Rxf7 46. Rf2 Rxf2 47. Kxf2 Qd3 1/2-1/2

[Event "SRB-chT Premier"]
[Site "Ruma"]
[Date "2020.09.27"]
[Round "4.2"]
[White "Ilincic, Zlatko"]
[Black "Zegarac, Vuk"]
[Result "1/2-1/2"]
[WhiteElo "2408"]
[BlackElo "2373"]
[PlyCount "82"]
[EventDate "2020.09.25"]
[EventType "team-tourn"]
[EventRounds "11"]
[EventCountry "SRB"]
[SourceTitle "CBM 198 Extra"]
[Source "ChessBase"]
[SourceDate "2020.11.30"]
[SourceVersion "1"]
[SourceVersionDate "2020.11.30"]
[SourceQuality "1"]
[WhiteTeam "Belgrade Itaka"]
[BlackTeam "Subotica Spartak"]
[WhiteTeamCountry "SRB"]
[BlackTeamCountry "SRB"]

1. d4 Nf6 2. c4 c5 3. d5 e6 4. Nc3 exd5 5. cxd5 d6 6. g3 g6 7. Bg2 Bg7 8. Nf3 0-0 9. 0-0 Re8 10. Nd2 a6 11. a4 Nbd7 12. Ra3 Rb8 13. a5 b5 14. axb6 Nxb6 15. b3 a5 16. h3 Ba6 17. Re1 Qc7 18. Bb2 Nc4 19. Nxc4 Bxc4 20. Na4 Bb5 21. Qa1 Bxa4 22. Rxa4 Nh5 23. Bxg7 Nxg7 24. Qa2 Rb5 25. e4 Qb6 26. Re3 Rb8 27. Bf1 Rxb3 28. Rxb3 Qxb3 29. Qxb3 Rxb3 30. Rxa5 Nh5 31. Ra6 Nf6 32. e5 Nxd5 33. exd6 Nb6 34. Ra7 Kf8 35. Rb7 Ke8 36. Bg2 c4 37. Bc6+ Kf8 38. Kf1 c3 39. Rb8+ Kg7 40. Be4 Rb2 41. Rc8 Rd2 1/2-1/2

[Event "SRB-chT Premier"]
[Site "Ruma"]
[Date "2020.09.26"]
[Round "2.3"]
[White "Matejic, Zoran"]
[Black "Zegarac, Vuk"]
[Result "0-1"]
[WhiteElo "2046"]
[BlackElo "2373"]
[PlyCount "40"]
[EventDate "2020.09.25"]
[EventType "team-tourn"]
[EventRounds "11"]
[EventCountry "SRB"]
[SourceTitle "CBM 198 Extra"]
[Source "ChessBase"]
[SourceDate "2020.11.30"]
[SourceVersion "1"]
[SourceVersionDate "2020.11.30"]
[SourceQuality "1"]
[WhiteTeam "Belgrade Partizan"]
[BlackTeam "Subotica Spartak"]
[WhiteTeamCountry "SRB"]
[BlackTeamCountry "SRB"]

1. d4 Nf6 2. Nf3 c5 3. dxc5 e6 4. g3 Bxc5 5. Bg2 d5 6. 0-0 Nc6 7. c4 0-0 8. cxd5 exd5 9. Qc2 Bb6 10. a3 Ne4 11. b4 Bf5 12. Qb3 Re8 13. Ra2 Rc8 14. Nh4 Nd4 15. Qd1 Nxf2 16. Rxf2 Bxb1 17. e3 Bxa2 18. Rxa2 Nb5 19. Nf5 Qg5 20. Rf2 Nc3 0-1

[Event "SRB-chT"]
[Site "Subotica"]
[Date "2019.08.26"]
[Round "5.2"]
[White "Zegarac, Vuk"]
[Black "Drazic, Sinisa"]
[Result "1/2-1/2"]
[WhiteElo "2310"]
[BlackElo "2379"]
[PlyCount "43"]
[EventDate "2019.08.22"]
[EventType "team-tourn"]
[EventRounds "11"]
[EventCountry "SRB"]
[SourceTitle "EXT 2020"]
[Source "ChessBase"]
[SourceDate "2019.10.17"]
[SourceVersion "1"]
[SourceVersionDate "2019.10.17"]
[SourceQuality "1"]
[WhiteTeam "Subotica Spartak"]
[BlackTeam "Valjevo 2005"]
[WhiteTeamCountry "SRB"]
[BlackTeamCountry "SRB"]

1. d4 c6 2. Nf3 g6 3. c3 Bg7 4. e4 d6 5. Be2 Nf6 6. Qc2 0-0 7. 0-0 a5 8. a4 d5 9. e5 Ne4 10. Bd3 c5 11. Bxe4 dxe4 12. Qxe4 cxd4 13. Nxd4 Nc6 14. f4 Qb6 15. Na3 Bf5 16. Qe3 Nxd4 17. Qxd4 Qb3 18. Qd1 Qb6+ 19. Qd4 Qb3 20. Qd1 Qb6+ 21. Qd4 Qb3 22. Qd1 1/2-1/2

[Event "Senta op 23rd"]
[Site "Senta"]
[Date "2019.07.23"]
[Round "6"]
[White "Zegarac, Vuk"]
[Black "Nadj Hedjesi, Balind"]
[Result "1/2-1/2"]
[WhiteElo "2295"]
[BlackElo "2298"]
[PlyCount "49"]
[EventDate "2019.07.19"]
[EventType "swiss"]
[EventRounds "9"]
[EventCountry "SRB"]
[SourceTitle "EXT 2020"]
[Source "ChessBase"]
[SourceDate "2019.10.17"]
[SourceVersion "1"]
[SourceVersionDate "2019.10.17"]
[SourceQuality "1"]

1. d4 d5 2. Nf3 Nf6 3. Nbd2 g6 4. g3 Bg7 5. Bg2 0-0 6. 0-0 b6 7. c3 Bb7 8. Ne5 Nbd7 9. Nxd7 Nxd7 10. Re1 e5 11. dxe5 Nxe5 12. Nf3 Re8 13. Nxe5 Bxe5 14. Be3 Qf6 15. Bd4 c5 16. Bxe5 Qxe5 17. e3 Rad8 18. Qd2 Re7 19. Rad1 Red7 20. Qc2 Bc6 21. Rd2 Qe6 22. Red1 Rd6 23. Bf1 Kg7 24. b3 h5 25. h4 1/2-1/2